| 000 | 00534nam a2200169 i 4500 | ||
|---|---|---|---|
| 001 | 97771 | ||
| 003 | ES-MaACL | ||
| 005 | 20230906182146.0 | ||
| 007 | t| | ||
| 008 | 050718q19401949sp ||||1| spa d | ||
| 100 | 1 |
_aMarín y Bertrán de Lis, Agustín. _976820 |
|
| 245 | 1 | 0 |
_aMinerales para fertilizantes / _cpor Agustín Marín y Bertrán de Lis. |
| 260 |
_aMadrid : _bGráficas Reunidas, _c[194-?] |
||
| 300 |
_a14 p. ; _c32 cm. |
||
| 500 | _aSeparata de la Rev. Minería y Metalurgía. | ||
| 852 |
_aES-MaACL _j1672-F-28 _bR.21129 |
||
| 999 |
_c97771 _d97771 |
||